00569nam a22001817a 4500999001900000003000500019020001000024038001400034082001800048100002500066245004400091260003800135300001300173880003200186880005600218942001200274952010100286 c526604d526604NUST q(Hbk) aM. Shaban a891.4911bSAL aSaleem Kashar917078 aDardan da kheria motia /cSaleem Kashar aLahore :bAziz Book Depot.c1993. a168 p. ; 6100-01\raسلیم کاشر 6245-02\raدرداں دا کھِڑیا موتیا / 2ddccBK 00102ddc4070aCLbCLcPLITd2019-07-14l0o891.4911 SALpCL-E-754r2019-07-14w2019-07-14yBK